| 000 | 00796nac a22002051u 4500 | ||
|---|---|---|---|
| 010 | _a 99057549 | ||
| 020 | _a013017601X (pbk.) | ||
| 082 | 0 | 0 |
_a658 _bR632 |
| 090 |
_c4242 _d4242 |
||
| 100 | _aRobbins, Stephen P., | ||
| 245 | 1 | 0 |
_aFundamentals of management : _bessential concepts and applications / _cStephen P. Robbins, David A. DeCenzo. |
| 250 | _a3rd ed. | ||
| 260 |
_aUpper Saddle River, N.J. : _bPrentice Hall, _cc2001. |
||
| 300 |
_a1 v. (various pagings) : _bill. (some col.) ; _c26 cm. |
||
| 504 | _aIncludes bibliographical references and indexes. | ||
| 650 | 0 | _aManagement. | |
| 700 | 1 | _aDeCenzo, David A. | |
| 942 |
_cBB _k658R632 |
||
| 999 |
_c4242 _d4242 |
||